| 000 | 00399nam a2200157Ia 4500 | ||
|---|---|---|---|
| 008 | 230524s9999 xx 000 0 und d | ||
| 082 | _bACH | ||
| 100 | _aSashikanta Achharya | ||
| 245 | 0 | _a"Vigyan, Andhaviswas and Aloukikata" | |
| 250 | _aIST | ||
| 260 |
_aROURKELA _bRepo Print _c2009 |
||
| 300 | _aXXXIII;128 | ||
| 500 | _aQuantity Number: 20 | ||
| 650 |
_aMiscellaneous _91877 |
||
| 942 | _cBK | ||
| 999 |
_c42927 _d42927 |
||